000
00288nam a22001337a 4500
008
181105b xxu||||| |||| 00| 0 eng d
020
_a
9780495112686
041
_a
eng
080
_a
541
100
_a
12
101
_a
KIM
245
_a
Organic Chemistry
_c
Mcmurry.S
942
_2
udc
_c
BK
999
_c
51883
_d
51883